Bezpečnostné funkcie a evaluácia bezpečnosti distribuovaných riadiacich systémov na princípe Safety PLC

Na minha lista:
Detalhes bibliográficos
Autor principal: Cuninka, Peter (Author)
Outros Autores: Strémy, Maximilián (Thesis advisor)
Formato: Manuscrito Livro
Idioma:eslovaco
Publicado em: 2020
Assuntos:
Acesso em linha:http://is.stuba.sk/zp/portal_zp.pl?podrobnosti=132519
Tags: Adicionar Tag
Sem tags, seja o primeiro a adicionar uma tag!

MARC

LEADER 00000ntm a22000003a 4500
001 stuzp56954
003 SK-STU
005 20210406124655.3
007 ta
008 150427s2015----xo-----f-mn---000-0-slo-d
035 |a biblio/249448  |2 CREPC2 
040 |a STU  |b slo 
041 0 |a slo 
044 |a xo 
100 1 |a Cuninka, Peter  |u 066000  |k Z2  |4 aut  |9 100  |U MTF Materiálovotechnologická fakulta  |T MTF Ústav aplikovanej informatiky, automatizácie a mechatroniky  |X 65973  |U M6000  |Y 86  |7 A000065973 
242 0 1 |a Safety functions and evaluation of distributed control systems based on Safety PLC  |y eng 
245 1 0 |a Bezpečnostné funkcie a evaluácia bezpečnosti distribuovaných riadiacich systémov na princípe Safety PLC 
260 |c 2020 
300 |a 101 s. 
650 4 |a bezpečnosť  |2 slo 
650 4 |a riadiaci systém  |2 slo 
650 4 |a analýza rizík  |2 slo 
650 4 |a iónový urýchľovač  |2 slo 
650 4 |a simulácia  |2 slo 
650 4 |a spoľahlivosť  |2 slo 
650 4 |a safety  |2 eng 
650 4 |a control system  |2 eng 
650 4 |a risk analysis  |2 eng 
650 4 |a ion accelerator  |2 eng 
650 4 |a simulation  |2 eng 
650 4 |a reliability  |2 eng 
700 1 |a Strémy, Maximilián  |u 067000  |k Z1  |4 ths  |U MTF Materiálovotechnologická fakulta  |T MTF Ústav výskumu progresívnych technológií  |X 3783  |U MN7000  |Y 87  |7 A000003783 
856 4 |u http://is.stuba.sk/zp/portal_zp.pl?podrobnosti=132519 
996 |c M* DzP-660  |l MMSKP  |s P  |a 0  |w stuzp56954_0001